Culture Générale - Série 1573 - Statistiques

Statistiques générales
  • Ce quiz a été pris 125 fois
  • Le résultat moyen est 6 sur 10
Statistiques - réponses
Question Réponse % Correct
Dans quelle ville se déroule l'action principale du film "Taxi", de Gérard Pirès ? Marseille
92%
Quelle est la capitale de l'Afghanistan ? Kaboul
88%
Dans quel pays Guennadi Ziouganov et Vladimir Jirinovski étaient-ils candidats à l'élection présidentielle de mars 2008 ? Russie
86%
Le Liban a deux pays voisins : Israël et... Syrie
76%
Complétez le titre de cet album d'Astérix paru en 1966 : "Le Combat des... Chefs
64%
Quel nom donne-t-on au petit de l'hirondelle ? hirondeau
59%
Dans quel sport Matt Biondi a-t-il remporté sept médailles, dont cinq en or, aux J.O. de Séoul ? natation
52%
A quel peintre français, né en 1834, doit-on les oeuvres : "Danseuse saluant" et "Danseuse à la barre" ? Edgar Degas
42%
Quel était le prénom du chevalier Du Guesclin ? Bertrand
35%
Qui est l'auteur du roman "Le Capitaine Fracasse", paru en 1863 ? Théophile Gautier
30%
Aucun quiz correspondant
Distribution des résultats
% des personnes avec chaque résultat
Percentile par nombre de réponses
Votre historique - résultats
Vous n’avez pas pris ce quiz